000 00663nam a2200181 a 4500
008 100118s2007 ||||||||||||||||| || u
020 _a9780750679671
050 _aTK 7882.B56 Vac
100 _aVacca, John R
245 1 0 _aBiometric technologies and verification systems
_cBy John R. Vacca
260 _aOxford:
_bElsevier
_c2007
300 _axxvii, 625p.: ill.
350 _a0.00
500 _aIncludes Index
650 7 _aTECHNOLOGY
_2fast
650 _aBIOMETRIC IDENTIFICATION
995 _D0.00
_FCBU-MAIN LIBRARY (Kitwe)
_H1
_I0.00
_M1
_UAVAILABLE
_WMar 30, 2010
_ZMain Library Open Access Collection
999 _c35930
_d35930